000 00364nam a2200133 a 4500
005 20140414093850.0
008 030610s19uu xx 00 eng d
050 _aCDR 574
_bMAD 1998
245 _aMad about science. Disc 2 :
_blife.
500 _a"Take a biology field trip that really teaches science"
650 _aBiology.
942 _cAVM
999 _c109831
_d109831